International Marketing.... (Record no. 834366)

MARC details
000 -LEADER
fixed length control field 00354pam a2200145 a 4500
020 ## - INTERNATIONAL STANDARD BOOK NUMBER
Terms of availability
041 ## - LANGUAGE CODE
Language code of original
082 ## - DEWEY DECIMAL CLASSIFICATION NUMBER
Classification number 658.8`48
100 ## - MAIN ENTRY--PERSONAL NAME
Personal name TERPSTRA (Vern)/ SARATHY (Ravi)
Relator term author
245 ## - TITLE STATEMENT
Title International Marketing....
Medium Textual Document
250 ## - EDITION STATEMENT
Edition statement 8th
260 ## - PUBLICATION, DISTRIBUTION, ETC.
Name of publisher, distributor, etc. The Dryden Press Chicago Chicago
Date of publication, distribution, etc. 2000
300 ## - PHYSICAL DESCRIPTION
Extent XXV,753
930 ## - EQUIVALENCE OR CROSS-REFERENCE-UNIFORM TITLE HEADING [LOCAL, CANADA]
Uniform title 5260
Holdings
Withdrawn status Lost status Damaged status Not for loan Collection Home library Current library Date acquired Cost, normal purchase price Total Checkouts Full call number Barcode Date last seen Copy number Price effective from Koha item type
          Institute of Management & Research, New Delhi Institute of Management & Research, New Delhi 05/01/2001 595.00   658.8`48 IMD-26PB0007190 17/08/2023 1 17/08/2023 Book